Normal view
MARC view
Entry Término temático
001 - NÚMERO DE CONTROL
- campo de control: 9384
003 - IDENTIFICADOR DEL NÚMERO DE CONTROL
- campo de control: OSt
005 - FECHA Y HORA DE LA ÚLTIMA TRANSACCIÓN
- campo de control: 20200615032238.0
008 - DATOS DE LONGITUD FIJA
- campo de control de longitud fija: 200615|| aca||aabn | a|a d
040 ## - FUENTE DE LA CATALOGACIÓN
- Centro catalogador/agencia de origen: OSt
- Centro/agencia transcriptor: OSt
150 ## - ENCABEZAMIENTO--TÉRMINO DE MATERIA
- Término de materia o nombre geográfico como elemento de entrada: COOPERATIVISMO
- Subdivisión geográfica: PUERTO RICO
670 ## - FUENTE DE DATOS ENCONTRADOS
- Cita de la fuente: Work cat.: (OSt)2785: Padilla Rodríguez, Humberto 9382, Propuesta de un plan estratégico para el movimiento cooperativo en Puerto Rico /, 2008.
